Computer performance modeling / Alexandre Brandwajn, Thomas Begin. (Record no. 20565)

000 -LEADER
fixed length control field 00644nam a22001817a 4500
020 ## - INTERNATIONAL STANDARD BOOK NUMBER
ISBN 9789811292057
082 ## - DEWEY DECIMAL CLASSIFICATION NUMBER
Classification number 004.6
Item number B8213 2025
100 ## - MAIN ENTRY--AUTHOR NAME
Personal name Brandwajn, Alexandre, author.
245 ## - TITLE STATEMENT
Title Computer performance modeling / Alexandre Brandwajn, Thomas Begin.
260 ## - PUBLICATION, DISTRIBUTION, ETC. (IMPRINT)
Place of publication Singapore :
Name of publisher World Scientific Publishing Co. Pte. Ltd.,
Year of publication ©2025
300 ## - PHYSICAL DESCRIPTION
Number of Pages 1 online resource, xiv, 340 pages :
Other physical details illustrations (some color).
500 ## - GENERAL NOTE
General note Includes bibliographic references and index.
650 ## - SUBJECT ADDED ENTRY--TOPICAL TERM
Topical Term Computer performance evaluation.
650 ## - SUBJECT ADDED ENTRY--TOPICAL TERM
Topical Term Queueing theory.
650 ## - SUBJECT ADDED ENTRY--TOPICAL TERM
Topical Term Markov processes.
700 ## - ADDED ENTRY--PERSONAL NAME
Personal name Begin, Thomas.
942 ## - ADDED ENTRY ELEMENTS (KOHA)
Koha item type Electronic Books
Holdings
Source of acquisition Permanent Location Date acquired Collection code Koha item type Lost status Shelving location Withdrawn status Current Location Full call number
DonationCagayan State University - Carig Library2025-05-21E-BooksElectronic Books E-Resource Section Cagayan State University - Carig Library004.6 B8213 2025

Cagayan State University University Library, Carig Campus
Tuguegarao City, Cagayan 3500 | www.csucarig.edu.ph

Powered by Koha